03317namaa2200445uu 4500001001000000003000600010005001700016006001900033007001500052008004100067020001800108020001800126020001800144024003100162040001700193041000800210042000700218072001500225072001600240072001700256720002400273245011200297260002700409300002200436336002600458337002600484338003600510506005100546520185100597540006302448546001202511650002202523650002702545650004002572653008402612720002402696793001802720856011602738999001702854doab84402oapen20260305123947.0m o d cr|mn|---annan220621s2023 xx |||||o ||| 0|eng d a9781003274681 a9781003274681 a97810322289907 a10.4324/97810032746812doi aoapencoapen0 aeng adc 7aKC2bicssc 7aKCC2bicssc 7aKFFD2bicssc1 aPłonka, Maria4edt00aPublic Goods and the Fourth Industrial RevolutionbInclusive Models of Finance, Distribution and Production bTaylor & Francisc2023 a1 online resource atextbtxt2rdacontent acomputerbc2rdamedia aonline resourcebcr2rdacarrier0 aFree-to-readfUnrestricted online access2star aThe fourth industrial revolution, characterized by digitization, artificial intelligence and augmented reality, and megatrends such as globalization, urbanization, demographic changes and the knowledge-based economy, will trigger a series of profound technological, economic, social and environmental changes that will permanently and irreversibly change the role of the state in meeting social needs. Industry 4.0 will also change the type, nature, and scope of public goods and how they are produced, financed, delivered, and consumed. This book redefines the current paradigm of public goods. It proposes a model of production and distribution of public goods that acknowledges the participation of entities from the public, private, and nonprofit sectors. The authors argue that these entities would participate in the production, financing, distribution, and consumption of such goods. From a theoretical point of view, such an inclusive approach involving the expansion of the classical state - market dichotomy with new entities, including citizens themselves, leads to a new conceptualization and approach towards public goods. The model assumes shared responsibility, subsidiarity, and paternalistic libertarianism, and it allows the state to create new entities of an educational or fiscal nature, while remaining the regulator of public services and distribution. Additionally, the book analyzes changes regarding the perception of public goods, in the era of the fourth industrial revolution, across selected sectors such as healthcare and pension systems, education, local public goods, and public utility services. The book is primarily addressed to researchers, scholars and students across social and technical sciences, and it will also be a useful guide for central and local administration bodies responsible for public policy. aAll rights reserveduhttp://oapen.org/content/about-rights aEnglish 7aEconomics2bicssc 7aMicroeconomics2bicssc 7aPublic finance and taxation2bicssc afourth industrial revolution; Megatrends; public goods; public utility services1 aPłonka, Maria4oth0 aDOAB Library.40uhttps://directory.doabooks.org/handle/20.500.12854/8440270zFree-to-read: DOAB: description of the publication c92800d92800